LEADER 00946cam0-22003491i-450- 001 990000759960403321 005 20050914153804.0 010 $a88-435-1976-X 035 $a000075996 035 $aFED01000075996 035 $a(Aleph)000075996FED01 035 $a000075996 100 $a20020821d1986----km-y0itay50------ba 101 0 $aita 102 $aIT 105 $ay-------001yy 200 1 $aLeon Battista Alberti$eopera completa$fFranco Borsi 210 $aMilano$cElecta$d1986 215 $a283 p.$cill.$d24 cm 225 1 $aDocumenti di architettura$v20 676 $a724.1 702 1$aBorsi,$bFranco 702 1$aAlberti,$bLeon Battista$f<1404-1472> 801 0$aIT$bUNINA$gRICA$2UNIMARC 901 $aBK 912 $a990000759960403321 952 $a720.945 D.A.2$bD.D.S.2056$fFLFBC 952 $aMON B 481$b319$fFARBC 959 $aFARBC 959 $aFLFBC 996 $aLeon Battista Alberti$9213579 997 $aUNINA LEADER 01419nas 2200421 n 450 001 9910138343003321 005 20200124234217.0 035 $a(CKB)110978976776133 035 $a(CONSER) 42047501 035 $a(EXLCZ)99110978976776133 100 $a20751007a19uu9999 uy a 101 0 $aeng 200 00$aReview of the economic situation of Mexico 210 $a[Mexico, D.F.]$cBanco Nacional de Me?xico 215 $a1 online resource 300 $aNo. 112, 125, 143 are photostat reproductions (negative). 311 $aPrint version: Review of the economic situation of Mexico. (DLC) 42047501 (OCoLC)1681234 0014-3960 531 0 $aRev. econ. situat. Me?x. 606 $aEconomische situatie$2gtt 606 $aECONOMIC CONDITIONS$2unbist 606 $aECONOMIC INDICATORS$2unbist 606 $aECONOMIC FORECASTS$2unbist 606 $aSOCIAL CONDITIONS$2unbist 606 $aMEXICO$2unbist 607 $aMexico$xEconomic conditions$vPeriodicals 615 17$aEconomische situatie. 615 07$aECONOMIC CONDITIONS. 615 07$aECONOMIC INDICATORS. 615 07$aECONOMIC FORECASTS. 615 07$aSOCIAL CONDITIONS. 615 07$aMEXICO. 676 $a330.972 712 02$aBanco Nacional de Me?xico. 906 $aJOURNAL 912 $a9910138343003321 920 $aexl_impl conversion 996 $aReview of the economic situation of Mexico$92246552 997 $aUNINA